सफलता के शिखर (Record no. 25254)
[ view plain ]
| 000 -LEADER | |
|---|---|
| fixed length control field | 005160000a22001690004500 |
| 003 - CONTROL NUMBER IDENTIFIER | |
| control field | MACL |
| 005 - DATE AND TIME OF LATEST TRANSACTION | |
| control field | 20191108124347.0 |
| 008 - FIXED-LENGTH DATA ELEMENTS--GENERAL INFORMATION | |
| fixed length control field | 191108b xxu||||| |||| 00| 0 eng d |
| 040 ## - CATALOGING SOURCE | |
| Transcribing agency | macl |
| 082 ## - DEWEY DECIMAL CLASSIFICATION NUMBER | |
| Classification number | 741.642 |
| 100 ## - MAIN ENTRY--PERSONAL NAME | |
| Personal name | मदारिया ,मनमोहन |
| 9 (RLIN) | 77059 |
| 245 ## - TITLE STATEMENT | |
| Title | सफलता के शिखर |
| 260 ## - PUBLICATION, DISTRIBUTION, ETC. (IMPRINT) | |
| Name of publisher, distributor, etc. | उज्जैन |
| Place of publication, distribution, etc. | मानकचन्द बुकडिपाे |
| 350 ## - PRICE (NR) (BK AM CF MU VM SE) [OBSOLETE] | |
| Price | 3 |
| 650 ## - SUBJECT ADDED ENTRY--TOPICAL TERM | |
| Topical term or geographic name as entry element | बालकक्ष … |
| 9 (RLIN) | 70490 |
| 942 ## - ADDED ENTRY ELEMENTS (KOHA) | |
| Koha item type | Hindi Books |
| Call number prefix | 741.642 |
| Source of classification or shelving scheme | |
| Withdrawn status | Lost status | Source of classification or shelving scheme | Damaged status | Not for loan | Home library | Current library | Date acquired | Cost, normal purchase price | Total Checkouts | Full call number | Barcode | Date last seen | Uniform Resource Identifier | Price effective from | Koha item type |
|---|---|---|---|---|---|---|---|---|---|---|---|---|---|---|---|
| MACL | MACL | 15/04/2015 | 2.00 | 741.642 BOOK | CLH010207 | 29/04/2015 | 25292 | 15/04/2015 | Books |









